| 000 | 00761nam a2200253 a 4500 | ||
|---|---|---|---|
| 999 |
_c27116 _d27116 |
||
| 001 | 002140000360303 | ||
| 003 | CZ PrSKC | ||
| 005 | 20190903125819.0 | ||
| 008 | 030402s2002 u xr |||||||||z|||| ||czeed | ||
| 020 |
_a8072006525 : _c115.00 |
||
| 040 |
_aCVG001 _bcze |
||
| 080 | _a74 | ||
| 100 | 1 |
_aGibson, Ray _4aut _98232 |
|
| 245 | 1 | 0 |
_aUčíme se kreslit postavičky / _cRay Gibson ; ilustrovala Amanda Barlowová / přeložila Petra Klůfová |
| 250 | _a1.vyd. | ||
| 260 |
_aHavlíčkův Brod : _bFragment, _c2002 |
||
| 300 | _a30 s.: il. | ||
| 490 | 1 | _aKrok za krokem | |
| 653 | 0 |
_akreslení _azvířátka _anávody |
|
| 700 | 1 |
_aBarlowová, Amanda _4ill _98237 |
|
| 700 | 1 |
_aVernerová, Petra, _d1957- _4trl _98238 |
|
| 910 | _aABG508 | ||